<?xml version="1.0" encoding="UTF-8"?>
<record
    xmlns:xsi="http://www.w3.org/2001/XMLSchema-instance"
    xsi:schemaLocation="http://www.loc.gov/MARC21/slim http://www.loc.gov/standards/marcxml/schema/MARC21slim.xsd"
    xmlns="http://www.loc.gov/MARC21/slim">

  <leader>00876nam a22002175i 4500</leader>
  <controlfield tag="001">53708</controlfield>
  <controlfield tag="003">ES-MaACL</controlfield>
  <controlfield tag="005">20250718184450.0</controlfield>
  <controlfield tag="007">t|</controlfield>
  <controlfield tag="008">980304s1895    sp           ||||1| spa d</controlfield>
  <datafield tag="040" ind1=" " ind2=" ">
    <subfield code="a">CAM </subfield>
    <subfield code="b">spa </subfield>
    <subfield code="c">CAM</subfield>
  </datafield>
  <datafield tag="100" ind1="1" ind2=" ">
    <subfield code="a">Fern&#xE1;ndez Duro, Ces&#xE1;reo,</subfield>
    <subfield code="d">1830-1908</subfield>
    <subfield code="9">49752</subfield>
  </datafield>
  <datafield tag="245" ind1="1" ind2="0">
    <subfield code="a">Hern&#xE1;n Tello Portocarrero y Manuel de Vega Cabeza de Vaca, capitanes de gloriosa memoria </subfield>
    <subfield code="b">: bosquejo le&#xED;do ante la Real Academia de la Historia en la junta p&#xFA;blica celebrada el d&#xED;a 19 de mayo de 1895 / </subfield>
    <subfield code="c">por Ces&#xE1;reo Fern&#xE1;ndez Duro.</subfield>
  </datafield>
  <datafield tag="260" ind1=" " ind2=" ">
    <subfield code="a">Madrid : </subfield>
    <subfield code="b">[s.n.], </subfield>
    <subfield code="c">1895 (</subfield>
    <subfield code="f">Fortanet)</subfield>
  </datafield>
  <datafield tag="300" ind1=" " ind2=" ">
    <subfield code="a">70 p. ; </subfield>
    <subfield code="c">29 cm.</subfield>
  </datafield>
  <datafield tag="600" ind1="1" ind2="4">
    <subfield code="a">Tello Portocarrero, Hern&#xE1;n.</subfield>
    <subfield code="9">109659</subfield>
  </datafield>
  <datafield tag="600" ind1="1" ind2="4">
    <subfield code="a">Vega Cabeza de Vaca, Manuel de.</subfield>
    <subfield code="9">113590</subfield>
  </datafield>
  <datafield tag="710" ind1="2" ind2=" ">
    <subfield code="a">Real Academia de la Historia (Espa&#xF1;a)</subfield>
    <subfield code="9">6309</subfield>
  </datafield>
  <datafield tag="852" ind1=" " ind2=" ">
    <subfield code="a">ES-MaACL</subfield>
    <subfield code="j">F-2214</subfield>
  </datafield>
  <datafield tag="999" ind1=" " ind2=" ">
    <subfield code="c">53708</subfield>
    <subfield code="d">53708</subfield>
  </datafield>
  <datafield tag="952" ind1=" " ind2=" ">
    <subfield code="0">0</subfield>
    <subfield code="1">0</subfield>
    <subfield code="4">0</subfield>
    <subfield code="7">0</subfield>
    <subfield code="8">LIBXIX</subfield>
    <subfield code="a">ATENEOM</subfield>
    <subfield code="b">ATENEOM</subfield>
    <subfield code="c">DEPO2</subfield>
    <subfield code="d">2008-01-17</subfield>
    <subfield code="e">SC</subfield>
    <subfield code="l">0</subfield>
    <subfield code="o">F-2214</subfield>
    <subfield code="p">1056437</subfield>
    <subfield code="r">2023-02-23 00:00:00</subfield>
    <subfield code="w">2023-02-23</subfield>
    <subfield code="y">MONANT</subfield>
  </datafield>
</record>
